Pandemie jako příležitost pro rychlejší inovace při posuzování úvěrových rizik

Výzvy pre finančné inštitúcie spôsobené pandémiou COVID-19. Využitie dát pri posudzovaní úverových rizík. Riziko pre finančné inštitúcie v súvislosti s vysokými odpismi a tvorbou dodatočných rezerv. Flexibilné schvalovacie modely. Vhodné úverové modely. Nástroj automatickej optimalizácie stratégie C...

Descrizione completa

Salvato in:
Dettagli Bibliografici
Autore principale: Soukup, Radek
Altri autori: Ramert, Pavel
Natura: Capitolo di libro
Lingua:ceco
Soggetti:
Tags: Aggiungi Tag
Nessun Tag, puoi essere il primo ad aggiungerne!!

MARC

LEADER 00000naa a2200000 4500
001 0270165
005 20201127101108.4
041 0 |a cze 
044 |a CZ 
245 1 0 |a Pandemie jako příležitost pro rychlejší inovace při posuzování úvěrových rizik  |c Radek Soukup, Pavel Ramert 
520 |a Výzvy pre finančné inštitúcie spôsobené pandémiou COVID-19. Využitie dát pri posudzovaní úverových rizík. Riziko pre finančné inštitúcie v súvislosti s vysokými odpismi a tvorbou dodatočných rezerv. Flexibilné schvalovacie modely. Vhodné úverové modely. Nástroj automatickej optimalizácie stratégie CRIF StrategyLab. 
610 2 0 |a pandémia 
610 2 0 |a koronavírus 
610 2 0 |a inštitúcie finančné 
610 2 0 |a riziko úverové 
610 2 0 |a flexibilita 
610 2 0 |a modely 
610 2 0 |a úver 
100 1 |a Soukup, Radek 
700 1 |a Ramert, Pavel